MARC details
| 000 -CABECERA |
| campo de control de longitud fija |
02714nam a22004217a 4500 |
| 001 - NÚMERO DE CONTROL |
| campo de control |
000107275 |
| 003 - IDENTIFICADOR DEL NÚMERO DE CONTROL |
| campo de control |
CHAP |
| 005 - FECHA Y HORA DE LA ÚLTIMA TRANSACCIÓN |
| campo de control |
20260223135733.0 |
| 008 - DATOS DE LONGITUD FIJA--INFORMACIÓN GENERAL |
| campo de control de longitud fija |
240812s2012 mx r 00010 spa d |
| 010 ## - NÚMERO DE CONTROL DE LA BIBLIOTECA DEL CONGRESO |
| Número de control de LC |
103737 |
| 011 ## - ENLACE DEL NUMERO DE CONTROL DE LA BIBLIOTECA DEL CONGRESO [OBSOLETO] |
| Número de control de LC |
104709 |
| 035 ## - NÚMERO DE CONTROL DEL SISTEMA |
| Número de control de sistema |
115399 |
| 040 ## - FUENTE DE LA CATALOGACIÓN |
| Centro/agencia transcriptor |
CHAP |
| 090 ## - LOCALMENTE ASIGNADO TIPO-LC NÚMERO DE CLASIFICACIÓN (OCLC); NÚMERO DE CLASIFICACIÓN LOCAL (RLIN) |
| Número de clasificación (OCLC) (R) ; Numero de clasificación, CALL (RLIN) (NR) |
Tesis |
| 100 1# - ENTRADA PRINCIPAL--NOMBRE DE PERSONA |
| Nombre de persona |
Ramírez Maldonado, Gerardo. |
| 245 10 - MENCIÓN DE TÍTULO |
| Título |
Hongos oomycetes asociados a cánceres de tallo y muerte regresiva en arándano ( Vaccinium spp.)/ |
| Mención de responsabilidad, etc. |
por Gerardo Ramírez Maldonado; director Angel Rebollar Alviter. |
| 264 #1 - PRODUCCIÓN, PUBLICACIÓN, DISTRIBUCIÓN, FABRICACIÓN Y COPYRIGHT |
| Producción, publicación, distribución, fabricación y copyright |
Chapingo, Méx. : |
| Nombre del de productor, editor, distribuidor, fabricante |
El autor, |
| Fecha de producción, publicación, distribución, fabricación o copyright |
2012. |
| 300 ## - DESCRIPCIÓN FÍSICA |
| Extensión |
1 recurso en línea (97 páginas). |
| 336 ## - TIPO DE CONTENIDO |
| Fuente |
rdacontent |
| Término de tipo de contenido |
texto |
| Código de tipo de contenido |
txt |
| 337 ## - TIPO DE MEDIO |
| Fuente |
rdamedia |
| Nombre/término del tipo de medio |
computadora |
| Código del tipo de medio |
c |
| 338 ## - TIPO DE SOPORTE |
| Fuente |
rdacarrier |
| Nombre/término del tipo de soporte |
recurso en línea |
| Código del tipo de soporte |
cr |
| 502 ## - NOTA DE TESIS |
| Tipo de título |
Maestro en Ciencias en Protección Vegetal, |
| Nombre de la institución que otorga el título |
Departamento de Parasitología Agrícola. |
| Año de obtención del título |
2012. |
| 520 ## - SUMARIO, ETC. |
| Sumario, etc. |
El objetivo de este estudio fue identificar los organismos asociados a cánceres de tallo y muerte regresiva en arándano en Michoacán y Jalisco. Se realizaron colectas de material enfermo durante los meses de junio a octubre del 2011, de plantaciones comerciales de arándano cv. Biloxi.Las muestras fueron aisladas en PDA. Se realizó identificación morfológica y filogenética mediante la amplificación de los ITS de los genes ribosomales. Las secuencias fueron comparadas con las depositadas en el Genbank indicando que Phytophthora cinnamomi, Neofusicoccum parvum, Pestalotiopsis clavispora, Pestalotiopsis microspora, Pestalotiopsis sp., Lasiodiplodia theobromae, Lasiodiplodia pseudotheobromae, están asociados a cánceres de tallo y muerte regresiva. El análisis filogenético reveló que, a excepción de Phytophthora cinnamomi, las cepas de Neofusicoccum parvum, Pestalotiopsis spp., Lasiodiplodia spp., presentan variabilidad genética. Se hicieron pruebas de patogenicidad para Phytophthora cinnamomi, Neofusicoccum parvum y Lasiodiplodia theobromae, todos los síntomas coincidieron con lo reportado por la literatura y los postulados de Koch fueron completados. |
| 650 04 - PUNTO DE ACCESO ADICIONAL DE MATERIA--TÉRMINO DE MATERIA |
| Término de materia o nombre geográfico como elemento de entrada |
Arándano |
| Subdivisión general |
Enfermedades. |
| 650 04 - PUNTO DE ACCESO ADICIONAL DE MATERIA--TÉRMINO DE MATERIA |
| Término de materia o nombre geográfico como elemento de entrada |
Arándano |
| Subdivisión general |
Plagas. |
| 700 1# - PUNTO DE ACCESO ADICIONAL--NOMBRE DE PERSONA |
| Nombre de persona |
Rebollar Alviter, Angel |
| Término indicativo de función/relación |
director. |
| 856 ## - LOCALIZACIÓN Y ACCESO ELECTRÓNICOS |
| Identificador Uniforme del Recurso |
<a href="http://10.13.5.2/tesis/115399.pdf">http://10.13.5.2/tesis/115399.pdf</a> |
| Texto de enlace |
DESCARGAR PDF |
| 901 ## - ELEMENTOS DE DATOS A LOCAL LDA (RLIN) |
| a |
BK |
| 942 ## - ELEMENTOS DE PUNTO DE ACCESO ADICIONAL (KOHA) |
| Tipo de ítem Koha |
Tesis |
| Fuente del sistema de clasificación o colocación |
Clasificación Universidad Autónoma Chapingo |
| 590 ## - NOTA LOCAL (RLIN) |
| Nota local |
ALEPH |
| Procedencia (VM) [OBSOLETO] |
10 |
| Condición del los carretes individuales (VM) [OBSOLETO] |
20130110 |
| 590 ## - NOTA LOCAL (RLIN) |
| Nota local |
BATCH-UPD |
| Procedencia (VM) [OBSOLETO] |
10 |
| Condición del los carretes individuales (VM) [OBSOLETO] |
20130110 |
| 590 ## - NOTA LOCAL (RLIN) |
| Nota local |
BATCH-UPD |
| Procedencia (VM) [OBSOLETO] |
10 |
| Condición del los carretes individuales (VM) [OBSOLETO] |
20130410 |
| 590 ## - NOTA LOCAL (RLIN) |
| Nota local |
BATCH-UPD |
| Procedencia (VM) [OBSOLETO] |
10 |
| Condición del los carretes individuales (VM) [OBSOLETO] |
20130914 |
| 590 ## - NOTA LOCAL (RLIN) |
| Nota local |
CONVERSION |
| Procedencia (VM) [OBSOLETO] |
10 |
| Condición del los carretes individuales (VM) [OBSOLETO] |
20130109 |
| 590 ## - NOTA LOCAL (RLIN) |
| Nota local |
UACH |
| Procedencia (VM) [OBSOLETO] |
10 |
| Condición del los carretes individuales (VM) [OBSOLETO] |
20141202 |
| 949 ## - PROCESAMIENTO DE INFORMACIÓN LOCAL (OCLC) |
| a |
Tesis |
| b |
BC |
| c |
TES |
| d |
33724002329611 |
| e |
TS2 |
| f |
c.2 |
| h |
53807 |
| i |
115399 |
| s |
t |
| 949 ## - PROCESAMIENTO DE INFORMACIÓN LOCAL (OCLC) |
| a |
Tesis |
| b |
BC |
| c |
TES |
| d |
33724002329652 |
| e |
TS1 |
| h |
53806 |
| i |
115399 |
| s |
t |